Największe transfery sezonu 2008/09. - Statystyki

Ogólne statystyki
  • Ten quiz został rozwiązany 72 razy
  • Średni wynik to 5 z 10
Statystyki odpowiedzi
# Piłkarz Narodowość Klub oddający Kwota transferu Klub pozyskujący % Poprawnych
2 Dimitar Berbatov
38,00 mln €
95%
1 Robinho
43,00 mln €
85%
3 Dani Alves
35,50 mln €
76%
7 Ronaldinho Gaúcho
24,15 mln €
69%
5 Klaas-Jan Huntelaar
27,00 mln €
49%
9 Robbie Keane
24,00 mln €
37%
6 Ricardo Quaresma
24,60 mln €
24%
4 Danny
30,00 mln €
22%
8
24,00 mln €
17%
10 Amauri
22,80 mln €
7%
Nie znaleziono quizów pasujących do podanych kryteriów
Rozkład punktacji
Procent ludzi z każdym wynikiem
Percentyl według liczby udzielonych odpowiedzi
Twoja historia wyników
Nie rozwiązałeś tego quizu